US International Airports - Statistics

General Stats
  • This quiz has been taken 101 times
  • The average score is 193 of 383
Answer Stats
Enplanements State AIRPORT % Correct
30,620,769 New York John F. Kennedy International Airport
98%
39,873,927 Illinois Chicago O'Hare International Airport
97%
23,795,012 Nevada Harry Reid International Airport
97%
17,500,096 Florida Miami International Airport
97%
6,487,563 Texas Dallas Love Field
95%
28,645,527 Colorado Denver International Airport
95%
20,006,521 Massachusetts Gen. Edward Lawrence Logan International Airport
95%
51,865,797 Georgia Hartsfield‚ Jackson Atlanta International Airport
95%
24,024,908 Washington Seattle‚ Tacoma International Airport
95%
2,184,959 Alaska Ted Stevens Anchorage International Airport
95%
184,018 Michigan Capital Region International Airport
93%
10,678,018 Illinois Chicago Midway International Airport
93%
17,436,837 Michigan Detroit Metro Wayne County Airport
93%
22,797,602 New Jersey Newark Liberty International Airport
93%
7,836,360 California San Diego International Airport
93%
8,847,197 Florida Tampa International Airport
93%
30,005,266 Texas Dallas Fort Worth International Airport
92%
1,438,321 Texas El Paso International Airport
92%
18,361,942 Minnesota Minneapolis‚ St. Paul International/Wold-Chamberlain Airport
92%
18,940,287 Arizona Phoenix Sky Harbor International Airport
92%
5,560,780 Texas William P. Hobby Airport
92%
10,017,149 Hawaii Daniel K. Inouye International Airport
90%
15,058,501 New York LaGuardia Airport
90%
23,663,410 California Los Angeles International Airport
90%
10,795,906 Utah Salt Lake City International Airport
90%
11,621,623 Virginia Washington Dulles International Airport
90%
6,666,215 Texas Austin‚ Bergstrom International Airport
88%
6,582,066 Louisiana Louis Armstrong New Orleans International Airport
88%
15,292,670 Pennsylvania Philadelphia International Airport
88%
11,151,169 Maryland Baltimore/Washington International Airport
87%
22,281,949 North Carolina Charlotte Douglas International Airport
87%
16,242,821 Texas George Bush Intercontinental/Houston Airport
87%
497,548 Wyoming Jackson Hole Airport
87%
504,833 Tennessee Lovell Field
87%
2,213,083 Tennessee Memphis International Airport
87%
8,017,347 Tennessee Nashville International Airport
87%
19,618,838 Florida Orlando International Airport
87%
7,631,953 Missouri St. Louis Lambert International Airport
87%
4,701,713 Ohio Cleveland Hopkins International Airport
85%
2,454,878 Nebraska Eppley Airfield
85%
489,454 Mississippi Jackson‚ Medgar Wiley Evers International Airport
85%
5,790,847 Missouri Kansas City International Airport
85%
9,804,868 Oregon Portland International Airport
85%
11,366,771 Virginia Ronald Reagan Washington National Airport
85%
1,440,674 New York Albany International Airport
83%
3,976,620 Ohio John Glenn Columbus International Airport
83%
126,610 Massachusetts Nantucket Memorial Airport
83%
6,258,101 North Carolina Raleigh‚ Durham International Airport
83%
2,048,691 Virginia Richmond International Airport
83%
3,677,643 Texas San Antonio International Airport
83%
4,655,847 Indiana Indianapolis International Airport
82%
3,496,724 Wisconsin Milwaukee Mitchell International Airport
82%
4,670,033 Pennsylvania Pittsburgh International Airport
82%
11,725,347 California San Francisco International Airport
82%
1,081,328 Alabama Birmingham‚ Shuttlesworth International Airport
80%
2,523,158 New York Buffalo Niagara International Airport
80%
1,043,185 Wisconsin Dane County Regional Airport
80%
1,942,417 California Hollywood Burbank Airport
80%
376,468 Pennsylvania Lehigh Valley International Airport
80%
4,033,412 Puerto Rico Luis Munoz Marin International Airport
80%
1,062,873 Maine Portland International Jetport
80%
440,263 Montana Billings Logan International Airport
78%
1,943,181 Idaho Boise Airport
78%
2,192,893 South Carolina Charleston International Airport / Charleston AFB
78%
120,235 Missouri Columbia Regional Airport
78%
49,354 Georgia Columbus Airport
78%
450,694 Alaska Fairbanks International Airport
78%
1,281,908 New York Frederick Douglass/Greater Rochester International Airport
78%
306,512 Alaska Juneau International Airport
78%
811,535 New York Long Island MacArthur Airport
78%
1,877,861 Kentucky Louisville International Airport
78%
2,117,409 Rhode Island Rhode Island T. F. Green International Airport
78%
154,475 Ohio Rickenbacker International Airport
78%
291,136 Louisiana Shreveport Regional Airport
78%
1,323,536 Arizona Tucson International Airport
78%
827,922 Arkansas Bill and Hillary Clinton National Airport
77%
23,950 Wisconsin Chippewa Valley Regional Airport
77%
4,269,258 Kentucky Cincinnati/Northern Kentucky International Airport
77%
46,246 Mississippi Golden Triangle Regional Airport
77%
408,477 North Dakota Hector International Airport
77%
2,425,685 Florida Jacksonville International Airport
77%
4,011,953 California Oakland International Airport
77%
3,619,690 California San Jose Mineta International Airport
77%
523,108 Missouri Springfield‚ Branson National Airport
77%
776,950 Illinois Abraham Lincoln Capital Airport
75%
390,107 Louisiana Baton Rouge Metropolitan Airport
75%
657,018 Kentucky Blue Grass Airport
75%
1,347,876 Iowa Des Moines International Airport
75%
13,598,994 Florida Fort Lauderdale‚ Hollywood International Airport
75%
960,594 California Fresno Yosemite International Airport
75%
2,201,528 California Ontario International Airport
75%
2,048,916 Nevada Reno/Tahoe International Airport
75%
4,760,275 California Sacramento International Airport
75%
1,482,908 Oklahoma Tulsa International Airport
75%
215,056 North Dakota Bismarck Municipal Airport
73%
352,816 Virginia Charlottesville‚ Albemarle Airport
73%
941,917 Colorado City of Colorado Springs Municipal Airport
73%
858,022 Ohio James M. Cox Dayton International Airport
73%
1,356,660 Georgia Savannah/Hilton Head International Airport
73%
1,139,568 New York Syracuse Hancock International Airport
73%
23,844 New York Watertown International Airport
73%
2,094,708 Oklahoma Will Rogers World Airport
73%
566,660 South Carolina Columbia Metropolitan Airport
72%
529,895 South Dakota Joe Foss Field
72%
1,872,781 Washington Spokane International Airport
72%
216,873 West Virginia Yeager Airport
72%
2,647,269 New Mexico Albuquerque International Sunport
70%
300,598 Georgia Augusta Regional Airport
70%
14,106 Puerto Rico Fernando Luis Ribas Dominicci Airport
70%
1,069,565 Tennessee McGhee Tyson Airport
70%
46,645 Alaska Nome Airport
70%
1,021,007 Florida St. Pete‚ Clearwater International Airport
70%
152,448 North Carolina Albert J. Ellis Airport
68%
2,884,843 Connecticut Bradley International Airport
68%
314,909 Wisconsin Green Bay‚ Austin Straubel International Airport
67%
3,571,660 Hawaii Kahului Airport
67%
1,039,432 California Long Beach Airport
67%
566,832 Oregon Mahlon Sweet Field
67%
911,225 New Hampshire Manchester‚ Boston Regional Airport
67%
236,007 Alabama Mobile Regional Airport
67%
449,731 Ohio Akron-Canton Regional Airport
65%
599,148 Hawaii Hilo International Airport
65%
741,130 Florida Key West International Airport
65%
150,214 Nebraska Lincoln Airport
65%
938,593 North Carolina Piedmont Triad International Airport
65%
440,229 California Santa Barbara Municipal Airport
65%
16,728 Wyoming Laramie Regional Airport
63%
1,846,031 Virginia Norfolk International Airport
63%
658,879 Vermont Patrick Leahy Burlington International Airport
63%
303,471 South Dakota Rapid City Regional Airport
63%
303,904 Texas Rick Husband Amarillo International Airport
63%
39,422 Georgia Southwest Georgia Regional Airport
63%
372,000 Connecticut Tweed-New Haven Airport
63%
136,806 Minnesota Duluth International Airport
62%
328,769 Illinois General Downing-Peoria International Airport
62%
1,631,398 Michigan Gerald R. Ford International Airport
62%
68,044 Alaska Kenai Municipal Airport
62%
131,327 California Meadows Field
62%
182,509 Minnesota Rochester International Airport
62%
115,787 New Mexico Santa Fe Municipal Airport
62%
404,349 New Jersey Trenton Mercer Airport
62%
23,892 Iowa Waterloo Regional Airport
62%
812,252 Kansas Wichita Dwight D. Eisenhower National Airport
62%
1,168,575 Florida Pensacola International Airport
60%
319,886 Florida Tallahassee International Airport
60%
95,342 Pennsylvania Erie International Airport
58%
123,541 Ohio Eugene F. Kranz Toledo Express Airport
58%
405,157 Texas Lubbock Preston Smith International Airport
58%
366,617 Indiana South Bend International Airport
58%
468,816 North Carolina Wilmington International Airport
58%
248,781 Colorado Aspen/Pitkin County Airport
57%
568,958 New Jersey Atlantic City International Airport
57%
234,998 North Carolina Fayetteville Regional Airport
57%
372,030 Indiana Fort Wayne International Airport
57%
636,756 Pennsylvania Harrisburg International Airport
57%
459,759 Alabama Huntsville International Airport
57%
129,033 Alabama Montgomery Regional Airport
57%
2,567,897 Florida Palm Beach International Airport
57%
795,407 Arizona Phoenix‚ Mesa Gateway Airport
57%
23,920 Wyoming Sheridan County Airport
57%
336,140 Maine Bangor International Airport
55%
167,957 Texas Brownsville/South Padre Island International Airport
55%
285,195 Texas Corpus Christi International Airport
55%
1,133,012 South Carolina Greenville‚ Spartanburg International Airport
55%
30,972 Alaska Homer Airport
55%
477,636 Texas McAllen Miller International Airport
55%
1,574,063 Florida Sarasota‚ Bradenton International Airport
55%
5,080,805 Florida Southwest Florida International Airport
55%
69,235 California Stockton Metropolitan Airport
55%
258,628 Pennsylvania Wilkes-Barre/Scranton International Airport
55%
573,206 North Carolina Asheville Regional Airport
53%
115,438 Montana Helena Regional Airport
53%
161,019 Idaho Idaho Falls Regional Airport
53%
99,070 New York Ithaca Tompkins International Airport
53%
598,787 Arkansas Northwest Arkansas National Airport
53%
47,541 Texas Waco Regional Airport
53%
670,295 Montana Bozeman Yellowstone International Airport
52%
200,444 Florida Gainesville Regional Airport
52%
1,254,307 South Carolina Myrtle Beach International Airport
52%
64,528 Washington Pangborn Memorial Airport
52%
56,632 New Mexico Roswell Air Center
52%
361,709 Michigan Bishop International Airport
50%
275,166 Florida Daytona Beach International Airport
50%
602,058 Iowa Eastern Iowa Airport
50%
1,829,020 Hawaii Ellison Onizuka Kona International Airport at Keahole
50%
359,055 Mississippi Gulfport‚ Biloxi International Airport
50%
10,305 Alaska Gustavus Airport
50%
1,644,590 Hawaii Lihue Airport
50%
504,264 Texas Midland International Air and Space Port
50%
30,124 South Dakota Pierre Regional Airport
50%
51,599 North Carolina Pitt‚ Greenville Airport
50%
118,740 Utah Provo Municipal Airport
50%
330,063 Virginia Roanoke‚ Blacksburg Regional Airport
50%
147,065 North Carolina Concord-Padgett Regional Airport
48%
108,992 Texas Laredo International Airport
48%
176,820 Florida Melbourne Orlando International Airport
48%
22,907 Alaska Merrill Field
48%
15,431 Georgia Middle Georgia Regional Airport
48%
20,690 Alaska Petersburg James A. Johnson Airport
48%
75,402 Texas Abilene Regional Airport
47%
94,652 California California Redwood Coast‚ Humboldt County Airport
47%
201,752 Colorado Eagle County Regional Airport
47%
12,476 Delaware Wilmington Airport
47%
228,850 Indiana Evansville Regional Airport
45%
425,563 Montana Missoula Montana Airport
45%
1,044,045 California Palm Springs International Airport
45%
110,182 Arizona Yuma International Airport / MCAS Yuma
45%
178,057 Illinois Central Illinois Regional Airport at Bloomington-Normal
43%
3,807,205 California John Wayne Airport
43%
152,845 Michigan Kalamazoo/Battle Creek International Airport
43%
107,107 Louisiana Monroe Regional Airport
43%
794,846 Florida Northwest Florida Beaches International Airport
43%
44,779 Iowa Sioux Gateway Airport
43%
22,464 Minnesota St. Cloud Regional Airport
43%
106,710 Illinois Chicago Rockford International Airport
42%
115,596 Arizona Flagstaff Pulliam Airport
42%
29,857 Utah Ogden-Hinckley Airport
42%
58,295 California Redding Municipal Airport
42%
16,679 Wyoming Southwest Wyoming Regional Airport
42%
71,631 Massachusetts Worcester Regional Airport
42%
348,026 Wisconsin Appleton International Airport
40%
368,186 Washington Bellingham International Airport
40%
105,877 Alaska Bethel Airport
40%
69,800 North Dakota Grand Forks International Airport
40%
48,086 Oklahoma Lawton‚ Fort Sill Regional Airport
40%
127,627 Michigan MBS International Airport
40%
153,200 Utah St. George Regional Airport
40%
141,173 Louisiana Alexandria International Airport
38%
151,410 Pennsylvania Arnold Palmer Regional Airport
38%
216,059 California Charles M. Schulz‚ Sonoma County Airport
38%
247,324 Michigan Cherry Capital Airport
38%
417,871 U.S. Virgin Islands Cyril E. King Airport
38%
18,363 Nevada Elko Regional Airport
38%
176,434 Montana Great Falls International Airport
38%
4,568 Nebraska Kearney Regional Airport
38%
117,728 Alaska Ketchikan International Airport
38%
223,529 Louisiana Lafayette Regional Airport
38%
126,575 North Dakota Minot International Airport
38%
195,573 Virginia Newport News/Williamsburg International Airport
38%
153,571 Pennsylvania University Park Airport
38%
25,803 Montana Bert Mooney Airport
37%
38,831 Iowa Dubuque Regional Airport
37%
58,122 Louisiana Lake Charles Regional Airport
37%
119,182 New York Niagara Falls International Airport
37%
101,701 West Virginia Tri-State Airport
37%
39,943 Texas Tyler Pounds Regional Airport
37%
109,878 Illinois University of Illinois - Willard Airport
37%
31,898 Alaska Wiley Post‚ Will Rogers Memorial Airport
37%
141,075 New York Elmira/Corning Regional Airport
35%
45,369 Arkansas Fort Smith Regional Airport
35%
40,013 Missouri Joplin Regional Airport
35%
99,651 Wisconsin La Crosse Regional Airport
35%
1,174,471 Florida Orlando Sanford International Airport
35%
355,241 Illinois Quad City International Airport
35%
53,558 Michigan Sawyer International Airport
35%
80,366 Alaska Sitka Rocky Gutierrez Airport
35%
66,629 Wyoming Casper‚ Natrona County International Airport
33%
18,474 Michigan Delta County Airport
33%
200,245 Colorado Durango‚ La Plata County Airport
33%
67,033 Texas Easterwood Field
33%
44,333 South Carolina Florence Regional Airport
33%
252,290 Colorado Grand Junction Regional Airport
33%
21,914 Texas Jack Brooks Regional Airport
33%
142,253 Texas Killeen‚ Fort Hood Regional Airport / Robert Gray Army Airfield
33%
47,084 Idaho Magic Valley Regional Airport
33%
492,217 Oregon Rogue Valley International‚ Medford Airport
33%
26,888 Arkansas Texarkana Regional Airport
33%
200,086 Tennessee Tri-Cities Airport
33%
12,064 South Dakota Watertown Regional Airport
33%
789,283 New York Westchester County Airport
33%
10,899 Alaska Yakutat Airport
33%
36,382 New York Greater Binghamton Airport
32%
212,812 U.S. Virgin Islands Henry E. Rohlsen Airport
32%
83,392 Virginia Lynchburg Regional Airport
32%
72,883 Kansas Manhattan Regional Airport
32%
92,836 New Hampshire Portsmouth International Airport at Pease
32%
66,669 Washington Pullman‚ Moscow Regional Airport
32%
60,115 Texas San Angelo Regional Airport
32%
200,634 California San Luis Obispo County Regional Airport
32%
12,369 Oregon Southwest Oregon Regional Airport
32%
17,694 Rhode Island Westerly State Airport
32%
36,308 South Carolina Hilton Head Airport
30%
72,905 Alaska Kodiak Airport
30%
23,475 New Mexico Lea County Regional Airport
30%
57,957 Idaho Lewiston‚ Nez Perce County Airport
30%
783,397 Florida Punta Gorda Airport
30%
595,181 Northern Marianas Saipan International Airport
30%
15,977 Kansas Salina Regional Airport
30%
27,916 California Santa Maria Public Airport
30%
355,190 Texas Valley International Airport
30%
69,510 Washington Yakima Air Terminal
30%
1,736,131 Guam Antonio B. Won Pat International Airport
28%
20,934 Kentucky Barkley Regional Airport
28%
93,280 Idaho Friedman Memorial Airport
28%
307,242 Montana Glacier Park International Airport
28%
46,303 Idaho Pocatello Regional Airport
28%
32,038 Texas Wichita Falls Municipal Airport / Sheppard Air Force Base
28%
63,298 Nebraska Central Nebraska Regional Airport
27%
111,172 North Carolina Coastal Carolina Regional Airport
27%
23,942 Texas East Texas Regional Airport
27%
19,332 Mississippi Key Field
27%
18,586 Washington King County International Airport
27%
91,966 Puerto Rico Mercedita Airport
27%
188,658 California Monterey Regional Airport
27%
188,355 Colorado Montrose Regional Airport
27%
37,349 Wyoming Yellowstone Regional Airport
27%
19,879 Texas Del Rio International Airport
25%
37,047 Alabama Dothan Regional Airport
25%
9,813 Mississippi Hattiesburg‚ Laurel Regional Airport
25%
12,804 North Dakota Jamestown Regional Airport
25%
18,718 Michigan Muskegon County Airport
25%
11,987 Colorado San Luis Valley Regional Airport
25%
12,179 Virginia Shenandoah Valley Regional Airport
25%
395,348 Washington Tri-Cities Airport
25%
13,557 Mississippi Tupelo Regional Airport
25%
28,404 South Dakota Aberdeen Regional Airport
23%
205,690 Nevada Boulder City Municipal Airport
23%
973,477 Florida Destin‚ Fort Walton Beach Airport / Eglin Air Force Base
23%
27,321 Oklahoma Stillwater Regional Airport
23%
19,099 Alaska Unalaska Airport
23%
44,609 Georgia Valdosta Regional Airport
23%
49,527 Washington Walla Walla Regional Airport
23%
46,577 North Dakota Williston Basin International Airport
23%
11,614 Michigan Alpena County Regional Airport
22%
40,443 Georgia Brunswick Golden Isles Airport
22%
20,093 Utah Canyonlands Regional Airport
22%
23,324 Michigan Chippewa County International Airport
22%
354,869 New York New York Stewart International Airport
22%
13,798 Nebraska North Platte Regional Airport
22%
3,037 Washington Paine Field
22%
294,921 Puerto Rico Rafael Hernandez Airport
22%
47,275 Maryland Salisbury‚ Ocean City‚ Wicomico Regional Airport
22%
1,601 Missouri Branson Airport
20%
19,552 Michigan Ford Airport
20%
15,058 Alaska Merle K. (Mudhole) Smith Airport
20%
152,278 Illinois MidAmerica St. Louis Airport / Scott Air Force Base
20%
79,336 Hawaii Molokai Airport
20%
46,305 Alaska Ralph Wien Memorial Airport
20%
430,562 Oregon Roberts Field
20%
14,295 Nebraska Western Nebraska Regional Airport
20%
150,142 Colorado Yampa Valley Airport
20%
30,081 Minnesota Bemidji Regional Airport
18%
22,233 Minnesota Brainerd Lakes Regional Airport
18%
23,873 Wyoming Gillette‚ Campbell County Airport
18%
32,197 Maryland Hagerstown Regional Airport
18%
11,996 Kansas Hays Regional Airport
18%
10,101 Washington Orcas Island Airport
18%
119,783 New York Plattsburgh International Airport
18%
10,865 Maine Presque Isle International Airport
18%
12,807 Utah Cedar City Regional Airport
17%
25,243 Kansas Garden City Regional Airport
17%
42,061 Hawaii Lanai Airport
17%
19,532 Kentucky Owensboro‚ Daviess County Regional Airport
17%
23,598 Arizona Prescott Municipal Airport
17%
11,078 Illinois Veterans Airport of Southern Illinois
17%
12,100 Alaska Wrangell Airport
17%
16,809 Rhode Island Block Island State Airport
15%
28,341 Massachusetts Cape Cod Gateway Airport
15%
124,632 Wisconsin Central Wisconsin Airport
15%
38,783 Colorado Gunnison‚ Crested Butte Regional Airport
15%
17,133 Maine Knox County Regional Airport
15%
17,506 North Dakota Dickinson Theodore Roosevelt Regional Airport
13%
25,988 Alaska Dillingham Airport
13%
10,359 West Virginia Greenbrier Valley Airport
13%
23,448 New York Ogdensburg International Airport
13%
25,464 Michigan Pellston Regional/Emmet County Airport
13%
24,477 Wisconsin Rhinelander‚ Oneida County Airport
13%
8,200 Montana Yellowstone Airport
13%
29,022 Puerto Rico Antonio Rivera Rodriguez Airport
12%
29,914 Alaska King Salmon Airport
12%
52,605 Massachusetts Martha's Vineyard Airport
12%
14,340 Arizona Page Municipal Airport
12%
17,111 Minnesota Range Regional Airport
12%
7,717 Missouri Waynesville-St. Robert Regional Airport
12%
15,420 Wyoming Central Wyoming Regional Airport
10%
64,245 Alaska Deadhorse Airport
10%
13,497 Washington Friday Harbor Airport
10%
24,041 Michigan Houghton County Memorial Airport
10%
14,612 Puerto Rico Benjamin Rivera Noriega Airport
8%
21,870 Puerto Rico Jose Aponte de la Torre Airport
8%
36,917 West Virginia North Central West Virginia Airport
8%
38,664 Northern Marianas Tinian International Airport
7%
14,157 Alaska Klawock Airport
5%
No matching quizzes found
Score Distribution
Percent of People with Each Score
Percentile by Number Answered
Your Score History
You have not taken this quiz